[Event "ROM-ch U08"]
[Site "Baile Felix"]
[Date "2017.02.07"]
[Round "7"]
[White "Mocanu, Mihnea Tudor"]
[Black "Santimbrean, Mihnea Nicolae"]
[Result "0-1"]
[WhiteElo "1108"]
[BlackElo "1267"]
[PlyCount "68"]
[EventDate "2017.02.02"]
[EventType "swiss"]
[EventRounds "9"]
[EventCountry "ROU"]
[SourceTitle "CBM 176 Extra"]
[Source "ChessBase"]
[SourceDate "2017.03.02"]
[SourceVersion "1"]
[SourceVersionDate "2017.03.02"]
[SourceQuality "1"]

1. e4 e6 2. d4 d5 3. Nc3 dxe4 4. Nxe4 Bd7 5. Nf3 Bc6 6. Nc3 Nd7 7. Be2 Be7 8. Be3 Ngf6 9. Qd2 0-0 10. 0-0 Bb4 11. Bg5 Bxf3 12. Bxf3 c6 13. Bh5 Qb6 14. Bxf6 Nxf6 15. Be2 Ne4 16. Qd3 Nxc3 17. bxc3 Bd6 18. c4 c5 19. dxc5 Qxc5 20. Qe4 Qc7 21. g3 Rfd8 22. Rad1 b6 23. Rfe1 Bc5 24. Rxd8+ Rxd8 25. Bh5 g6 26. Bf3 Rd4 27. Qe2 Qd6 28. c3 Rd2 29. Qxd2 Qxd2 30. Rd1 Qxc3 31. Rd8+ Kg7 32. Be2 Qe1+ 33. Kg2 Qxf2+ 34. Kh3 Qxe2 0-1

[Event "ROM-ch U08"]
[Site "Baile Felix"]
[Date "2017.02.04"]
[Round "3"]
[White "Mocanu, Mihnea Tudor"]
[Black "Sava, Robert Gabriel"]
[Result "1/2-1/2"]
[WhiteElo "1108"]
[BlackElo "1025"]
[PlyCount "73"]
[EventDate "2017.02.02"]
[EventType "swiss"]
[EventRounds "9"]
[EventCountry "ROU"]
[SourceTitle "CBM 176 Extra"]
[Source "ChessBase"]
[SourceDate "2017.03.02"]
[SourceVersion "1"]
[SourceVersionDate "2017.03.02"]
[SourceQuality "1"]

1. e4 c5 2. Nf3 d6 3. d4 cxd4 4. Nxd4 a6 5. Nc3 Nf6 6. Be3 e5 7. Nf3 Qc7 8. Bd3 Be6 9. Qd2 Be7 10. a3 Nbd7 11. h3 0-0 12. 0-0 Nb6 13. Bxb6 Qxb6 14. Na4 Qc7 15. Rfe1 b5 16. Nc3 Qc5 17. b4 Qc7 18. Nd5 Bxd5 19. exd5 Nxd5 20. Be4 Rac8 21. Bxd5 Qxc2 22. Qxc2 Rxc2 23. Rac1 Rfc8 24. Rxc2 Rxc2 25. Be4 Ra2 26. Rc1 Rxa3 27. Rc8+ Bf8 28. Ng5 Ra1+ 29. Kh2 Ra4 30. Nxh7 g6 31. Nf6+ Kg7 32. Ng4 Rxb4 33. Bf3 a5 34. h4 a4 35. h5 gxh5 36. Ne3 Rh4+ 37. Kg1 1/2-1/2

[Event "ROM-ch U08"]
[Site "Calimanesti"]
[Date "2015.04.03"]
[Round "6"]
[White "Petrescu, Tudor"]
[Black "Mocanu, Mihnea Tudor"]
[Result "1-0"]
[WhiteElo "1179"]
[BlackElo "1001"]
[PlyCount "63"]
[EventDate "2015.03.30"]
[EventType "swiss"]
[EventRounds "9"]
[EventCountry "ROU"]
[SourceTitle "CBM 165 Extra"]
[Source "ChessBase"]
[SourceDate "2015.04.21"]
[SourceVersion "1"]
[SourceVersionDate "2015.04.21"]
[SourceQuality "1"]

1. e4 e6 2. d4 d5 3. exd5 exd5 4. Nc3 Be6 5. Bd3 Nf6 6. Nf3 Bd6 7. 0-0 Bg4 8. Re1+ Be6 9. h3 0-0 10. Bg5 h6 11. Bh4 Re8 12. Qd2 Nc6 13. Kh1 Bb4 14. a3 Ba5 15. Kg1 Bxc3 16. Qxc3 b6 17. Qd2 Rb8 18. Bb5 Qd7 19. Ne5 Qd6 20. Bxc6 Rf8 21. Qd3 Nh5 22. Qf3 g6 23. Rad1 f6 24. Nxg6 Rfd8 25. Qxh5 Qxc6 26. Ne7+ Kf8 27. Nxc6 Ra8 28. Nxd8 Rxd8 29. Rxe6 Kg8 30. Qg6+ Kf8 31. Bxf6 Rc8 32. Qg7# 1-0

[Event "ROM-ch U08"]
[Site "Calimanesti"]
[Date "2015.03.31"]
[Round "2"]
[White "Demeter, Adorian Octavian"]
[Black "Mocanu, Mihnea Tudor"]
[Result "1-0"]
[WhiteElo "1094"]
[BlackElo "1001"]
[PlyCount "65"]
[EventDate "2015.03.30"]
[EventType "swiss"]
[EventRounds "9"]
[EventCountry "ROU"]
[SourceTitle "CBM 165 Extra"]
[Source "ChessBase"]
[SourceDate "2015.04.21"]
[SourceVersion "1"]
[SourceVersionDate "2015.04.21"]
[SourceQuality "1"]

1. e4 e6 2. Nf3 d5 3. exd5 exd5 4. Nc3 Nf6 5. d4 Qe7+ 6. Qe2 Qxe2+ 7. Bxe2 Bb4 8. 0-0 0-0 9. Nb5 Nc6 10. Nxc7 Rb8 11. Nb5 Re8 12. Bd3 a6 13. Nc7 Re7 14. a3 Bd6 15. Nxd5 Nxd5 16. Bg5 Re8 17. Bc4 Nc7 18. d5 Na7 19. Rfe1 Rxe1+ 20. Rxe1 h6 21. Bd8 Bd7 22. Bxc7 Bxc7 23. Rd1 Re8 24. d6 Bb6 25. Bd5 Ba5 26. Bxb7 Nb5 27. h3 Nxd6 28. Rxd6 Bb5 29. Rd5 Bc7 30. g3 Bb8 31. b3 Rf8 32. c4 Be8 33. Rd8 1-0